Fī tasṛīf al-asmāʼ /

محفوظ في:

المؤلف الرئيسي: Shāhīn, ʻAbd al-Raḥmān Muḥammad.

التنسيق: كتاب

اللغة: Arabic

منشور في: [Cairo] : Maktabat al-Shabāb, 1977.

الموضوعات:

الوسوم: إضافة وسم

لا توجد وسوم, كن أول من يضع وسما على هذه التسجيلة!

رقم الطلب: PJ6131 .S5 1977

LEADER 00825nam a2200241 a 4500
003 OSt
005 20231029142349.0
008 981203s1977 ua 000 0 ara d
999 |c 54872  |d 54872 
010 |a 77962003 
020 |a 9777190344 
040 |c ARCE Library 
050 4 |a PJ6131 .S5 1977 
100 1 |6 880-01  |a Shāhīn, ʻAbd al-Raḥmān Muḥammad. 
245 1 0 |6 880-02  |a Fī tasṛīf al-asmāʼ /  |c ʻAbd al-Rahṃān Muhạmmad Shāhīn. 
260 |6 880-03  |a [Cairo] :  |b Maktabat al-Shabāb,  |c 1977. 
300 |a 255 p. ;   |c 24 cm. 
500 |a Includes errata page. 
650 0 |a Arabic language  |x Declension. 
880 1 |6 100-01/(3/r  |a شاهين، عبدالرحمن محمد 
880 1 0 |6 245-02/(3/r  |a فى تصريف الأسماء   |c عبدالرحمن محمد شاهين.. 
901 |a reviewed 
942 |2 lcc  |c BK